01315nam a2200277 a 450000100100000000500170001000800410002704000250006808200200009310000420011324501070015524600180026226000540028030000250033450100360035956300760039559000260047165000280049765000310052570000510055691000380060795201330064595201180077895201240089699900170102000001031620240412074217.0091006s2001 dr r 000 p spa d aDO-SdBNPbspacBNPHU aRD861.44bF897n1 aFrías Jiménez, Milcíades92533210aNiña de cristal ; Golpes de paz /cMilcíades Frías Jiménez; prólogo Bruno Rosario Candelier.13aGolpes de paz aMoca, República Dominicana :bPrismarte,c2001. a98 , 76 p. ;c21 cm. aEncuadernado con: Golpes de paz aDos obras con paginación independiente en encuadernación invertida. aInventariado, 2018/BT 0aPoesía dominicana966 0aLiteratura dominicana.96712aRosario Candelier, Bruno,d1941-epról.9851 aValidado. Control de calidad. MFF 001054708DSaGRbGRcHDd2009-10-06iLF1l0oRD861.44 F897np10316-30r2020-06-25te. 3w2020-06-25yLFDSZPréstamo en sala 0010718PDaPDbPDcHDd2009-10-06iLF1l0oRD861.44 F897np10316-10r2020-06-25w2020-06-25yLFPDZNo se presta 0010718PDaPDbPDcHDd2009-10-06iLF1l0oRD861.44 F897np10316-20r2020-06-25te. 2w2020-06-25yLFPDZNo se presta c10075d10075